LEADER 00638nam a2200181 i 4500 001 000000225629 003 CaOOAMICUS 005 20131212000000.0 008 131212n it u000 u ita u 013 $a204531 040 $aSeMil$bita 245 10$a2: Allegati. 300 $a958 p. :$bill. 773 0 $aLongo, Luigi Emilio$tCampagna italo-etiopica, 1935-1936.$dRoma : Ufficio storico SME, 2005.$w()29248 850 $aSeMil 852 $aSeMil$W1$xVenegono$y1$m3V V 88$j175975$B175975$CSeMilBibl$Z2$F186783 $81 961 $aOmaggio: Grampa dott. Cesare 996 $6245$a2: Allegati$9(OLS)http://semarc/title/323187 LEADER 00725nas a2200217 i 4500 001 000000110000 003 CaOOAMICUS 005 20050215000000.0 008 050215b2004 it uu u0 0ita r 013 $a82681 040 $aSeMil$bita 245 10$a2004 : 1. 260 $aRoma :$bVivere In,$c2004. 300 $a237 p. ;$c23 cm. 773 0 $tRivista di Scienze Religiose.$dRoma : Vivere In, 1987.$w()2845 774 0 $t[vedi periodico].$w()259922 850 $aSeMil 852 $aSeMil$W1$xVenegono$y1$m244 2 26$j65924$B65924$CSeMilBibl$Z2$F92942 $85 961 $aCambio: Scuola Cattolica 996 $6245$a2004 : 1$9(OLS)http://semarc/title/158231 996 $6260$aRoma :$bVivere In$9(OLS)http://semarc/publisher/30924